[Event "IMSA Rapid Men 2019"]
[Site "Hengshui"]
[Date "2019.05.15"]
[Round "7.8"]
[White "Mamedov, Rauf"]
[Black "Leko, Peter"]
[Result "1-0"]
[WhiteElo "2650"]
[BlackElo "2674"]
[Annotator "TA"]
[PlyCount "53"]
[EventDate "2019.05.14"]
[EventType "rapid"]
[EventCountry "CHN"]
[SourceTitle "playchess.com"]
[Source "ChessBase"]
[SourceQuality "1"]

{[%evp 17,53,21,39,0,-12,-8,-11,-11,53,46,29,42,204,213,216,216,231,239,252,206,722,709,685,676,886,879,859,868,870,859,829,818,1064,1026,1145,1118,1332,1110]} 1. e4 c5 2. Nf3 d6 3. Nc3 a6 4. g3 Nc6 5. Bg2 e6 6. O-O Be7 7. d4 cxd4 8. Nxd4 Bd7 9. Nb3 Nf6 10. g4 {B80: Sicilian Scheveningen: 6 g3 and 6 Be3, including English Attack} (10. f4 $14) (10. a4 Na5 11. h3 O-O 12. g4 h6 13. f4 Nxb3 14. cxb3 Nh7 15. Be3 a5 16. Qd2 Bc6 17. Rad1 e5 18. f5 Bg5 19. Bxg5 hxg5 {1-0 (58) Onischuk,V (2601)-Zvjaginsev,V (2679) Tallinn 2016}) 10... h6 $11 11. f4 b5 12. a3 {The position is equal.} g5 $146 (12... Rc8 $11) ({Predecessor:} 12... Rb8 13. Qe2 Qc7 14. Be3 h5 15. g5 Ng4 16. Bc1 f6 17. g6 Qa7+ {0-1 (51) Reina Guerra,E (1906)-Sanz Velez,A (2283) ICCF email 2008}) 13. e5 $1 $14 {[%cal Re5f6]} dxe5 14. fxg5 {[%mdl 64] Discovered Attack} Qb6+ $2 (14... hxg5 $14 15. Bxg5 Nd5) 15. Kh1 $18 hxg5 16. Bxg5 Nh5 17. gxh5 (17. Bxe7 $2 {is a self mate.} Ng3#) 17... Bxg5 {[#]} 18. Rxf7 $1 {[%mdl 576] Deflection, Decoy} Kxf7 $2 (18... O-O-O 19. Qd6 Be8 20. Qxe6+ Kb8) 19. Qxd7+ {[%mdl 64] Double Attack. White is clearly winning.} Ne7 {[#]} 20. Ne4 $1 {[%cal Re4g5]} Bf4 21. Nd6+ {[%mdl 64] Discovered Attack} Qxd6 22. Qxd6 Rad8 23. Qb6 Rb8 24. Qa7 Rbg8 25. Bf3 e4 26. Be2 e5 27. Rd1 1-0

[Event "IMSA Rapid Men 2019"]
[Site "Hengshui"]
[Date "2019.05.15"]
[Round "8.1"]
[White "Korobov, Anton"]
[Black "Andreikin, Dmitry"]
[Result "1-0"]
[WhiteElo "2687"]
[BlackElo "2722"]
[Annotator "TA"]
[PlyCount "27"]
[EventDate "2019.05.14"]
[EventType "rapid"]
[EventCountry "CHN"]
[SourceTitle "playchess.com"]
[Source "ChessBase"]
[SourceQuality "1"]

{[%evp 12,79,15,12,18,20,25,0,0,0,0,-7,-16,-12,-9,-16,87,0,139,131,124,128,120,118,95,72,91,89,168,68,233,172,358,166,167,189,181,189,168,122,205,207,193,172,151,81,93,0,168,56,56,59,233,97,398,385,579,578,29967,29968,29990,29991,29991,29992,29992,29993,29993,29994,29994,29995]} 1. d4 Nf6 2. c4 e6 3. Nf3 b6 4. g3 Bb7 5. Bg2 Be7 6. O-O O-O 7. Re1 c6 {E17: Queen's Indian: 4 g3 Bb7 5 Bg2 Be7} 8. e4 d5 9. exd5 cxd5 {The position is equal.} 10. Ne5 Qc8 $146 ({Predecessor:} 10... Na6 11. Nc3 Nc7 12. Bf4 Rc8 13. Rc1 Ba8 {½-½ (94) Antipov,M (2580)-Tomashevsky,E (2710) Tbilisi 2017}) 11. Nc3 dxc4 12. d5 Rd8 {[%cal Rf6d5]} 13. Bg5 $1 exd5 (13... Na6 $11) 14. Bxf6 {Played: Ne5-g4} 1-0

[Event "IMSA Rapid Men 2019"]
[Site "Hengshui"]
[Date "2019.05.15"]
[Round "8.2"]
[White "Le, Quang Liem"]
[Black "Dominguez Perez, Leinier"]
[Result "1-0"]
[WhiteElo "2704"]
[BlackElo "2750"]
[Annotator "TA RC"]
[PlyCount "57"]
[EventDate "2019.05.14"]
[EventType "rapid"]
[EventCountry "CHN"]
[SourceTitle "playchess.com"]
[Source "ChessBase"]
[SourceQuality "1"]

{[%evp 13,100,4,0,-8,-15,-19,0,-17,0,-14,-12,-18,-14,-15,-21,-42,-8,-1,5,0,0,0,37,28,28,32,50,53,51,42,47,44,67,35,45,30,45,53,43,30,102,114,119,87,93,19,25,25,18,27,18,0,93,101,93,89,114,19,33,9,12,41,249,24,223,239,214,214,264,250,381,387,388,377,352,357,1104,376,29991,29992,29992,29990,29992,29992,29997,29998,29998,29999,29999]} 1. Nf3 d5 2. e3 Nf6 3. c4 e6 4. b3 Be7 5. Bb2 O-O 6. Nc3 c5 7. cxd5 Nxd5 8. h4 {A13: English Opening: 1...e6} (8. Be2 b6 9. Nxd5 exd5 10. d4 a5 11. dxc5 bxc5 12. O-O Be6 13. Bb5 Qb6 14. Qe2 Nc6 15. Rac1 Rac8 {0-1 (47) Nakamura,H (2746)-Caruana,F (2832) London 2018}) 8... b6 9. Qc2 Nb4 $146 ({Predecessor:} 9... Ba6 10. Ng5 g6 11. Nxd5 exd5 12. Nxh7 Kxh7 13. h5 f5 14. hxg6+ Kxg6 15. g4 Kf7 16. Qxf5+ {1-0 (38) Krysa,L (2533)-Beukema,J (2299) Dieren 2018}) 10. Qe4 {Hoping for Ng5.The position is equal.} N8c6 11. a3 f5 12. Qb1 Nd5 13. Nxd5 exd5 14. d4 Bf6 15. Bb5 Ne7 16. dxc5 bxc5 {White must now prevent ...Qa5+.} 17. O-O Qd6 18. Bxf6 Rxf6 19. Rd1 Rb8 20. Be2 Ba6 21. Bxa6 Qxa6 22. Qc2 Rc6 23. g3 Qb6 24. Rd3 a5 25. Qd1 Rd8 26. Ra2 a4 (26... h6 $11) 27. b4 $16 c4 28. Rc3 Qa6 29. Rc1 {Played: b4-b5} 1-0

[Event "IMSA Rapid Men 2019"]
[Site "Hengshui"]
[Date "2019.05.15"]
[Round "8.3"]
[White "Ponomariov, Ruslan"]
[Black "Vidit, Santosh Gujrathi"]
[Result "1/2-1/2"]
[WhiteElo "2675"]
[BlackElo "2707"]
[Annotator "TA"]
[PlyCount "88"]
[EventDate "2019.05.14"]
[EventType "rapid"]
[EventCountry "CHN"]
[SourceTitle "playchess.com"]
[Source "ChessBase"]
[SourceQuality "1"]

{[%evp 10,88,31,28,32,36,56,20,31,22,18,21,17,14,31,0,27,-9,8,6,6,12,5,-33,-34,-30,-32,-38,-42,-54,-12,-13,-21,-10,-10,-12,-12,-13,0,0,0,0,0,-10,0,0,0,0,0,0,0,0,0,0,0,0,0,0,0,0,0,0,0,0,0,0,0,0,0,0,0,0,0,0,0,0,0,0,0,0,0]} 1. e4 e5 2. Nf3 Nf6 3. Nxe5 d6 4. Nf3 Nxe4 5. d4 d5 6. Bd3 Bf5 {C42: Petroff Defence: 3 Nxe5 and unusual White 3rd moves} (6... Bd6 7. O-O O-O 8. c4 c6 9. Re1 Bf5 10. Qb3 Qd7 11. Nc3 Nxc3 12. Bxf5 Qxf5 13. bxc3 b6 14. Bg5 dxc4 15. Qxc4 b5 16. Qb3 Nd7 17. Be7 Bxe7 18. Rxe7 {½-½ (30) Naiditsch,A (2695)-Wang,H (2726) China 2019}) 7. O-O Be7 8. Nc3 O-O 9. Re1 {[%cal Rc3e4]} Nxc3 $1 10. bxc3 Bxd3 11. Qxd3 Nd7 12. Bf4 Re8 13. h4 $146 ({Predecessor:} 13. Rab1 Nb6 14. Re2 Qd7 15. Rbe1 f6 16. Nd2 c5 {0-1 (44) Mudra,O (2200)-Koukal,V (2240) ICCF email 2003}) 13... h6 14. c4 dxc4 15. Qxc4 c5 16. Ne5 Nxe5 17. dxe5 {e6 is the strong threat.} Qd4 18. Qxd4 cxd4 19. Re4 Red8 20. Rd1 {The position is equal.} Bc5 21. e6 fxe6 22. Rxe6 Rac8 23. Rd3 Re8 24. Rxe8+ Rxe8 $11 {[%mdl 4096] Endgame KRB-KRB} 25. Kf1 Bb6 26. c3 Ba5 27. Bd2 dxc3 28. Bxc3 Bxc3 29. Rxc3 {KR-KR} Re4 30. Ra3 Rxh4 31. Rxa7 Rb4 32. a4 Rb2 33. a5 Kh7 34. a6 bxa6 35. Rxa6 h5 36. g3 Rb4 37. Kg2 h4 38. gxh4 Rxh4 39. Kg3 Rh6 40. Rxh6+ (40. Ra2 {with more complications.} Rg6+ 41. Kf4 Rf6+ 42. Kg4 Rg6+ 43. Kf4) 40... Kxh6 41. Kg4 Kg6 42. f4 Kf6 43. f5 g6 (43... Ke5 $5) 44. fxg6 Kxg6 {Accuracy: White = 69%, Black = 65%.} 1/2-1/2

[Event "IMSA Rapid Men 2019"]
[Site "Hengshui"]
[Date "2019.05.15"]
[Round "8.4"]
[White "Jones, Gawain C B"]
[Black "Fedoseev, Vladimir"]
[Result "1/2-1/2"]
[WhiteElo "2702"]
[BlackElo "2683"]
[Annotator "TA"]
[PlyCount "104"]
[EventDate "2019.05.14"]
[EventType "rapid"]
[EventCountry "CHN"]
[SourceTitle "playchess.com"]
[Source "ChessBase"]
[SourceQuality "1"]

{[%evp 12,104,14,17,18,25,46,32,43,23,67,27,21,31,29,0,0,-5,-22,-81,-91,-75,-98,-83,-21,-20,-16,-139,-26,-100,-102,-132,-87,-76,-71,-66,-71,-58,-63,-122,-122,-127,-127,-127,-127,-122,-101,-101,-101,-101,-101,-101,-101,-112,-75,-149,-153,-144,-125,-205,-145,-144,-28,-28,-28,-371,-371,-326,-250,-422,-422,-422,-197,-197,-197,-429,-429,-389,-314,-256,-80,-80,-80,-183,-8,-8,-8,-8,-8,-8,-8,-8,-8,-8,-8]} 1. e4 c5 2. Nf3 d6 3. Bb5+ Nd7 4. d4 cxd4 5. Qxd4 a6 6. Bxd7+ Bxd7 7. Nc3 h6 {B51: Sicilian: Moscow Variation (3 Bb5+) without 3...Bd7} (7... e5 8. Qd3 Rc8 9. O-O h6 10. Nd2 Be6 11. Rd1 Nf6 12. Nf1 Bc4 13. Qf3 Bxf1 14. Kxf1 Be7 15. Qd3 Rc6 {½-½ (30) Ni,H (2674)-Fedoseev,V (2702) China 2019}) 8. e5 dxe5 9. Nxe5 Nf6 {White is slightly better.} 10. Bf4 Bb5 11. O-O-O (11. Qe3 $5 {[%cal Ra1d1]} e6 12. a4 $14 (12. Nxb5 axb5 13. O-O Be7 $11)) 11... Qxd4 12. Rxd4 e6 13. Rhd1 (13. a4 $5 {[%cal Ra4b5]} Bc5 14. Re4 $11) 13... Bc5 14. Nxb5 $146 ({Predecessor:} 14. R4d2) 14... axb5 15. Rd8+ (15. R4d2 $11) 15... Rxd8 $17 16. Rxd8+ Kxd8 17. Nxf7+ {[%mdl 64] Double Attack} Ke8 (17... Ke7 $1 $17 {[%cal Re7f7]} 18. Nxh8 Nd7) 18. Nxh8 $11 {[%mdl 4096] Endgame KBN-KBN} g5 19. Be5 (19. Bd2 $11 {keeps the balance.}) 19... Ng4 (19... Nd7 $1 $17 {[%cal Rd7e5]} 20. Bg3 Bd4) 20. Bg7 (20. Bc7 $11 {remains equal.}) 20... Nxh2 $17 21. f3 Nf1 22. Bxh6 Bd4 23. Ng6 Kf7 24. Nf8 Ng3 25. Kd1 (25. Kb1 $15) 25... Nf5 ({But not} 25... Bxb2 $6 26. Nd7 $11) 26. Nxe6 Kxe6 27. Bxg5 Bxb2 28. Ke2 Nd4+ 29. Kd3 Nc6 $1 30. Bd2 Kd5 31. f4 Ba3 32. g4 Bd6 33. c3 (33. g5 $142) 33... Na5 34. g5 Nc4 35. Bc1 (35. g6 $17 Bf8 36. Bc1) 35... Bc5 $19 36. f5 Ne5+ (36... Nd6 $17 37. f6 Nc4) 37. Kc2 $11 Ke4 38. f6 $2 {[%mdl 8192]} (38. g6 $11 {and White is okay.} Bf8 39. Ba3 {[%mdl 64] Promotion}) 38... Kf5 $19 39. Kb3 Nc4 40. a4 $2 (40. Kc2) 40... Na5+ 41. Ka2 {intending Ba3.} Kg6 42. axb5 b6 43. Kb2 $2 {[#]} (43. Ba3 Be3 44. Bb4) 43... Nc4+ $1 44. Kb3 Nd6 45. Bf4 Ne4 $2 ({Worse is} 45... Nxb5 46. Kc4 $11) (45... Kf5 $19 46. Bc1 Kg6) 46. Kc4 $17 Nxg5 {Hoping for ...Kf5.} 47. Be5 {[#]} (47. Kd5 $17) 47... Nf7 $2 ({Black should try} 47... Nf3 $1 $19 {[%cal Rf3e5]} 48. Bc7 Kxf6) 48. Bd4 $1 $11 {The position is equal.} Bxd4 49. Kxd4 Kxf6 {Strongly threatening ...Ke6.} 50. c4 Nd8 (50... Ke6 $5 51. c5 $8 bxc5+ 52. Kxc5 Ng5 $11) 51. Kd5 Ke7 52. c5 bxc5 {Accuracy: White = 32%, Black = 62%.} 1/2-1/2

[Event "IMSA Rapid Men 2019"]
[Site "Hengshui"]
[Date "2019.05.15"]
[Round "8.5"]
[White "Yu, Yangyi"]
[Black "Wang, Hao"]
[Result "1-0"]
[WhiteElo "2739"]
[BlackElo "2735"]
[Annotator "TA"]
[PlyCount "95"]
[EventDate "2019.05.14"]
[EventType "rapid"]
[EventCountry "CHN"]
[SourceTitle "playchess.com"]
[Source "ChessBase"]
[SourceQuality "1"]

{[%evp 20,95,0,0,0,0,10,0,0,-6,0,-29,-31,-37,-44,-29,-25,-96,-77,-118,-115,-149,-150,-200,-165,-122,-141,-161,-56,-66,-35,-30,-47,-40,0,0,0,0,18,11,53,0,0,0,0,0,0,-2,-2,-2,-2,-2,0,-12,7,8,48,40,46,0,0,0,216,213,306,304,332,329,473,473,549,549,593,592,552,552,674,654]} 1. Nf3 d5 2. d4 Nf6 3. c4 e6 4. g3 Be7 5. Bg2 O-O 6. O-O dxc4 7. Qc2 a6 8. Qxc4 b5 9. Qc2 Bb7 10. Bd2 Be4 11. Qc1 c6 {E05: Open Catalan: 5 Nf3 Be7} 12. a4 Nbd7 13. Nc3 Bg6 {The position is equal.} 14. Nh4 Bh5 {[#]} 15. Bf3 $146 ({Predecessor:} 15. h3 Nd5 16. axb5 axb5 17. Rxa8 Qxa8 18. e4 Nb4 19. Bg5 {½-½ (85) Caruana,F (2828)-Dominguez Perez,L (2739) Saint Louis 2019}) 15... b4 16. Na2 Bxf3 17. Nxf3 c5 $36 {[%mdl 2048] Black has good play.} 18. Rd1 (18. dxc5 $11 {keeps the balance.} a5 19. Be3) 18... a5 19. dxc5 Bxc5 20. Be3 Qb6 21. Bd4 Bxd4 22. Rxd4 Nc5 {White must now prevent ...Nb3.} 23. Qd1 Rfd8 (23... Rfe8 $1 $19 {Threatens to win with ...e5.} 24. Rc1 e5) 24. e3 $1 $15 Rxd4 25. exd4 Nce4 26. Nc1 h6 27. Nd3 Rd8 28. Rc1 g5 29. h3 h5 30. Qc2 (30. Qe1 $1 $14) 30... g4 $11 31. hxg4 hxg4 32. Nfe5 Rxd4 33. Qc8+ Rd8 34. Qc7 Qxc7 35. Rxc7 Ng5 36. Kg2 Rd5 37. Rc5 Rd4 38. Rxa5 {Rb5 is the strong threat.} Nd5 $1 {Threatening ...f6.} 39. Ra8+ Kg7 {Hoping for ...f6.} 40. Ra7 Kg8 $2 (40... Kh6 $1 $11) 41. a5 $18 b3 (41... f6 $142) 42. a6 Ra4 43. Nc5 $1 {[%csl LRa4,LRb3][%cal Rc5a4]} Ra2 (43... Ra5 {was called for.} 44. Nxb3 Ra4) 44. Rb7 {White is clearly winning.} Rxb2 {[#]} 45. a7 $1 {[%cal Ra7a8]} Ra2 46. Rb8+ Kg7 47. a8=Q Ne3+ {[#]} 48. Kh1 $1 {Accuracy: White = 63%, Black = 43%.} 1-0

[Event "IMSA Rapid Men 2019"]
[Site "Hengshui"]
[Date "2019.05.15"]
[Round "8.6"]
[White "Rapport, Richard"]
[Black "Bu, Xiangzhi"]
[Result "1/2-1/2"]
[WhiteElo "2736"]
[BlackElo "2729"]
[Annotator "TA"]
[PlyCount "183"]
[EventDate "2019.05.14"]
[EventType "rapid"]
[EventCountry "CHN"]
[SourceTitle "playchess.com"]
[Source "ChessBase"]
[SourceQuality "1"]

{[%evp 13,183,11,3,0,8,-12,-2,-23,-2,-25,-23,-23,-14,-22,0,0,0,-15,-23,-24,-16,-14,-13,-14,-1,-15,-16,-15,-11,-8,-6,-15,-8,-12,-7,-27,-24,-27,-25,-29,-25,-43,-17,-12,-15,-11,-22,-19,-24,-35,-31,-70,-63,-92,-4,-29,-29,-122,-20,-97,-29,-33,-8,-8,-8,-15,-8,-15,-8,-33,-29,-30,-15,-15,-15,-16,-15,-29,-16,-16,-9,-23,-8,-8,-8,-8,-5,-5,-5,-8,-8,-8,-8,-29,-29,-29,-29,-29,-29,-29,-29,-29,-29,-29,-29,-29,-29,-29,-29,-29,-29,-29,-29,-29,0,-29,-29,-29,-29,-29,-29,-29,-29,-29,-29,-29,-29,-29,-29,-29,-29,-29,-29,-29,-29,-29,-29,-29,-29,-29,-29,-29,-29,-29,-29,-29,-29,-29,-29,-29,-8,-8,0,0,0,-29,0,-29,-29,-29,0,-29,0,0,0,0,0,0,0,0,0,-32]} 1. e4 e5 2. f4 d5 3. exd5 e4 4. Nc3 Nf6 5. d3 Bb4 6. Bd2 e3 7. Bxe3 O-O {[#] ...Re8 is the strong threat.} 8. Be2 {C32: Falkbeer Counter Gambit: 3 exd5 e4 4 d3 Nf6} Nxd5 9. Bd2 Bxc3 10. bxc3 Qf6 11. c4 (11. Rb1 {is more complex.} Nxc3 12. Bxc3 Qxc3+ 13. Qd2 Qa3 14. c3) (11. Qc1 Re8 12. c4 Nc3 13. Qb2 Nxe2 14. Qxf6 gxf6 {0-1 (14) Gurkin,A (2276)-Kazhgaleyev,M (2582) Almaty 2016}) 11... Nxf4 12. Bxf4 Qxf4 13. Nf3 $146 ({Predecessor:} 13. Qd2 Qh4+ 14. g3 Qf6 15. c3 {0-1 (23) Sokol,M (2020)-Szamos,A (2170) Prievidza 1998}) 13... Nc6 14. Qd2 Qd6 15. d4 Bg4 {aiming for ...Bxf3.} 16. c5 Qd7 17. c3 Bxf3 18. Bxf3 Rae8+ 19. Kf2 b6 20. cxb6 axb6 21. Rhe1 Ne5 22. Be2 Ng4+ 23. Kg1 Nf6 24. Bf3 Rxe1+ 25. Rxe1 Re8 26. Rxe8+ Nxe8 27. c4 Nd6 28. c5 Nf5 29. cxb6 cxb6 30. d5 Qc7 31. g3 g6 32. Kg2 Qc5 33. Qf4 Nd6 ({Better is} 33... Ne3+ $17 34. Kh3 h5 35. Qb8+ Kg7 36. Qe5+ f6) 34. g4 b5 35. Qf6 (35. g5 $11) 35... Qc2+ (35... Qa3 $17 36. h4 Qxa2+ 37. Kg3 Qa3) 36. Kh3 (36. Kg3 $1 $11 Qc5 37. Qe5) 36... Qc7 (36... Qf2 $17 37. Qf4 Nc4) 37. Qf4 Qe7 38. Kg2 Kg7 39. a4 bxa4 40. Qxa4 Qe5 41. Qc2 (41. Qb4 {feels hotter.} Qf6 42. Kf2 h6 43. Kg3 Qe5+ 44. Kh3) 41... Qd4 42. Qd1 Qxd1 (42... Qc3 {keeps more tension.} 43. Qe2 h6 44. Kf2 Qf6 45. Kg2 Qd4) 43. Bxd1 $11 {[%mdl 4096] Endgame KB-KN} Kf6 44. Kf3 Ke5 45. Bb3 f6 46. Ke3 Nc8 47. h4 Ne7 48. d6 Kxd6 49. Ke4 Nc6 50. Bg8 h6 51. Bb3 Ke7 52. Ba4 Ne5 53. g5 Nf7 54. gxf6+ Kxf6 55. Kf4 Nd6 56. Kg4 Ne4 57. Bc2 Nc5 58. Kf4 Ne6+ 59. Kg4 Nd4 60. Bd3 h5+ 61. Kh3 Nf5 62. Bb5 Nd6 63. Bd3 Nf5 64. Bb5 $1 Ke5 65. Be8 Ne7 66. Kg3 Ke4 67. Bf7 $1 Kf5 68. Be8 Nd5 69. Bd7+ Ke5 70. Be8 Ne7 71. Bf7 Kf6 72. Bb3 Nf5+ 73. Kh3 Nd4 74. Bc4 Ke5 75. Bf7 Ne2 76. Be8 Kf5 77. Kh2 Nc3 78. Bd7+ Ke5 79. Be8 Kf6 80. Kh3 Ne4 81. Ba4 Kf5 82. Bd7+ Ke5 83. Be8 Kf6 84. Ba4 Nc3 85. Bc2 Nd5 86. Kg3 Ne7 87. Ba4 Ke5 88. Be8 {The position is equal.} Ke4 89. Bf7 Ke5 90. Be8 Ke4 91. Bf7 Ke5 92. Be8 {Accuracy: White = 70%, Black = 57%.} 1/2-1/2

[Event "IMSA Rapid Men 2019"]
[Site "Hengshui"]
[Date "2019.05.15"]
[Round "8.7"]
[White "Cheparinov, Ivan"]
[Black "Mamedov, Rauf"]
[Result "1/2-1/2"]
[WhiteElo "2667"]
[BlackElo "2650"]
[Annotator "RC"]
[PlyCount "174"]
[EventDate "2019.05.14"]
[EventType "rapid"]
[EventCountry "CHN"]
[SourceTitle "playchess.com"]
[Source "ChessBase"]
[SourceQuality "1"]
[TimeControl "900+10"]

1. Nf3 {[%emt 0:00:00]} d5 {[%emt 0:00:00]} 2. d4 {[%emt 0:00:00]} Nf6 {[%emt 0:00:11]} 3. c4 {[%emt 0:00:00]} e6 {[%emt 0:00:03]} 4. g3 {[%emt 0:00:01]} c5 {[%emt 0:00:01]} 5. cxd5 {[%emt 0:00:19]} exd5 {[%emt 0:00:02]} 6. Bg2 {[%emt 0:00:02]} Nc6 {[%emt 0:00:01]} 7. O-O {[%emt 0:00:08]} Be7 {[%emt 0:00:01]} 8. dxc5 {[%emt 0:00:53]} Bxc5 {[%emt 0:00:01]} 9. Bg5 {[%emt 0:00:36]} O-O {[%emt 0:01:09]} 10. Nc3 {[%emt 0:00:02]} d4 {[%emt 0:00:07]} 11. Ne4 {[%emt 0:00:04]} Be7 {[%emt 0:00:02]} 12. Nxf6+ {[%emt 0:00:02]} Bxf6 {[%emt 0:00:01]} 13. Bxf6 {[%emt 0:00:03]} Qxf6 {[%emt 0:00:01]} 14. Rc1 {[%emt 0:00:31]} Re8 {[%emt 0:00:50]} 15. Qd2 {[%emt 0:00:14]} Bg4 {[%emt 0:00:09]} 16. h3 {[%emt 0:00:52]} Be6 {[%emt 0:00:02]} 17. b4 {[%emt 0:00:17]} a6 {[%emt 0:01:56]} 18. Ne1 {[%emt 0:00:34]} Rad8 {[%emt 0:00:38]} 19. Nd3 {[%emt 0:00:28]} Bd5 {[%emt 0:00:02]} 20. Rc5 {[%emt 0:00:23]} Bxg2 {[%emt 0:00:03]} 21. Kxg2 {[%emt 0:00:02]} Ne7 {[%emt 0:01:42]} 22. Qf4 {[%emt 0:00:29]} Qe6 {[%emt 0:00:01]} 23. Qf3 {[%emt 0:00:02]} Nd5 {[%emt 0:01:59]} 24. Re1 {[%emt 0:00:14]} h6 {[%emt 0:00:21]} 25. a3 {[%emt 0:00:31]} b6 {[%emt 0:00:20]} 26. Rcc1 {[%emt 0:00:16]} Rc8 {[%emt 0:01:09]} 27. Nf4 {[%emt 0:00:54]} Nxf4+ {[%emt 0:00:06]} 28. Qxf4 {[%emt 0:00:01]} Rc3 {[%emt 0:01:23]} 29. Rcd1 {[%emt 0:01:11]} Qc6+ {[%emt 0:00:13]} 30. Kg1 {[%emt 0:00:13]} Re4 {[%emt 0:00:10]} 31. Qb8+ {[%emt 0:00:13]} Kh7 {[%emt 0:00:39]} 32. Qd8 {[%emt 0:00:01]} Qe6 {[%emt 0:02:18]} 33. Rxd4 {[%emt 0:00:53]} Rxe2 {[%emt 0:00:04]} 34. Rxe2 {[%emt 0:00:01]} Qxe2 {[%emt 0:00:01]} 35. Rd1 {[%emt 0:00:01]} Rxa3 {[%emt 0:00:07]} 36. Qd5 {[%emt 0:00:10]} Rf3 {[%emt 0:00:22]} 37. Rf1 {[%emt 0:00:04]} b5 {[%emt 0:00:24]} 38. h4 {[%emt 0:00:27]} Rf6 {[%emt 0:00:55]} 39. Qd1 {[%emt 0:00:16]} Rxf2 {[%emt 0:01:11]} 40. Qb1+ {[%emt 0:00:04]} Qc2 {[%emt 0:00:01]} 41. Qxc2+ {[%emt 0:00:02]} Rxc2 {[%emt 0:00:01]} 42. Rxf7 {[%emt 0:00:02]} Rc4 {[%emt 0:00:07]} 43. Ra7 {[%emt 0:00:04]} Rxb4 {[%emt 0:00:01]} 44. Rxa6 {[%emt 0:00:01]} Rb2 {[%emt 0:00:04]} 45. h5 {[%emt 0:00:04]} b4 {[%emt 0:02:43]} 46. Rb6 {[%emt 0:02:11]} b3 {[%emt 0:00:06]} 47. Rb7 {[%emt 0:00:09]} Kg8 {[%emt 0:00:01]} 48. Kf1 {[%emt 0:02:02]} Kf8 {[%emt 0:00:11]} 49. Ke1 {[%emt 0:00:22]} Rb1+ {[%emt 0:00:31]} 50. Kf2 {[%emt 0:00:22]} b2 {[%emt 0:00:22]} 51. Kg2 {[%emt 0:00:03]} Ke8 {[%emt 0:00:01]} 52. Kh2 {[%emt 0:01:18]} Kd8 {[%emt 0:00:01]} 53. Kg2 {[%emt 0:00:01]} Kc8 {[%emt 0:00:00]} 54. Rb3 {[%emt 0:00:02]} Kc7 {[%emt 0:00:01]} 55. Kh2 {[%emt 0:00:04]} Kc6 {[%emt 0:00:00]} 56. Kg2 {[%emt 0:00:04]} Kc5 {[%emt 0:00:01]} 57. Rb8 {[%emt 0:00:02]} Kd5 {[%emt 0:00:01]} 58. Rb7 {[%emt 0:00:06]} Ke4 {[%emt 0:00:02]} 59. Rb4+ {[%emt 0:00:27]} Kf5 {[%emt 0:00:08]} 60. Kh2 {[%emt 0:00:23]} Kf6 {[%emt 0:00:06]} 61. Rb5 {[%emt 0:00:05]} Ke6 {[%emt 0:00:01]} 62. Kg2 {[%emt 0:00:02]} Kd6 {[%emt 0:00:01]} 63. Rb8 {[%emt 0:00:07]} Kd5 {[%emt 0:00:02]} 64. Rb5+ {[%emt 0:00:17]} Kc4 {[%emt 0:00:06]} 65. Rb8 {[%emt 0:00:01]} Kd3 {[%emt 0:00:11]} 66. Rd8+ {[%emt 0:00:12]} Ke4 {[%emt 0:00:06]} 67. Rb8 {[%emt 0:00:04]} Kf5 {[%emt 0:00:02]} 68. Rb5+ {[%emt 0:00:11]} Kg4 {[%emt 0:00:04]} 69. Kh2 {[%emt 0:00:03]} Kf3 {[%emt 0:00:01]} 70. Rb3+ {[%emt 0:00:01]} Kf2 {[%emt 0:00:35]} 71. Rb5 {[%emt 0:00:07]} Ke3 {[%emt 0:00:08]} 72. Rb8 {[%emt 0:00:17]} Kf3 {[%emt 0:00:25]} 73. Rb3+ {[%emt 0:00:10]} Kf2 {[%emt 0:00:20]} 74. Rb8 {[%emt 0:00:05]} Kf1 {[%emt 0:00:20]} 75. Rb7 {[%emt 0:00:09]} Ke2 {[%emt 0:00:33]} 76. Kg2 {[%emt 0:00:05]} Kd3 {[%emt 0:00:04]} 77. Rd7+ {[%emt 0:00:06]} Kc4 {[%emt 0:00:05]} 78. Rb7 {[%emt 0:00:05]} Kd5 {[%emt 0:00:02]} 79. Rb5+ {[%emt 0:00:04]} Ke4 {[%emt 0:00:02]} 80. Rb4+ {[%emt 0:00:08]} Kd3 {[%emt 0:00:05]} 81. Rb8 {[%emt 0:00:04]} Ke4 {[%emt 0:00:12]} 82. Rb4+ {[%emt 0:00:02]} Kf5 {[%emt 0:00:02]} 83. Rb5+ {[%emt 0:00:07]} Kg4 {[%emt 0:00:01]} 84. Kh2 {[%emt 0:00:20]} Kf3 {[%emt 0:00:00]} 85. Rb3+ {[%emt 0:00:01]} Kf2 {[%emt 0:00:00]} 86. Rb5 {[%emt 0:00:03]} Kf1 {[%emt 0:00:00]} 87. Rb8 {[%emt 0:00:09]} Ke2 {[%emt 0:00:00]} 1/2-1/2

[Event "IMSA Rapid Men 2019"]
[Site "Hengshui"]
[Date "2019.05.15"]
[Round "8.8"]
[White "Leko, Peter"]
[Black "Gelfand, Boris"]
[Result "1/2-1/2"]
[WhiteElo "2674"]
[BlackElo "2676"]
[Annotator "TA"]
[PlyCount "71"]
[EventDate "2019.05.14"]
[EventType "rapid"]
[EventCountry "CHN"]
[SourceTitle "playchess.com"]
[Source "ChessBase"]
[SourceQuality "1"]

{[%evp 10,71,13,14,33,41,30,31,16,29,16,26,28,19,39,0,0,-17,-16,-18,-18,-18,-20,-22,-35,-32,-32,-40,-29,-37,0,0,0,-6,9,8,13,0,0,0,0,0,0,0,0,0,0,0,0,0,0,0,0,0,0,0,0,0,0,0,0,0,0,0]} 1. e4 c5 2. Nf3 Nc6 3. Bb5 e6 4. O-O Nge7 5. d4 cxd4 6. Nxd4 Ng6 {B30: Sicilian: 2...Nc6 3 Bb5, lines without ...g6} 7. Be2 Be7 8. c4 Nxd4 {White is slightly better.} 9. Qxd4 O-O 10. Nc3 b6 11. Be3 Bb7 12. Rfd1 Bc6 13. Rac1 $146 ({Predecessor:} 13. Qd2 Qb8 14. Bf1 {½-½ (46) Balogh,C (2632)-Rogozenco,D (2516) Germany 2013}) 13... f5 14. exf5 Nh4 15. fxe6 Nxg2 16. Nd5 Nxe3 17. Nxe7+ Qxe7 18. Qxe3 {[#] And now exd7 would win.} dxe6 19. c5 bxc5 20. Rxc5 {The position is equal.} Bb7 21. Re5 Qf6 22. Rxe6 Qxb2 23. Qb3 Qxb3 24. axb3 Bf3 25. Rd7 {Ree7! is the strong threat.} Bxe2 26. Rxe2 $11 {[%mdl 4096] Endgame KRR-KRR} Rf7 27. Ree7 Rxe7 28. Rxe7 {KR-KR} Rb8 29. Rxa7 Rxb3 30. Kg2 h6 31. Rc7 Kh7 32. Ra7 Kg6 33. Rc7 Kh7 34. Ra7 Kg6 35. Rc7 Kh7 36. Ra7 {Accuracy: White = 55%, Black = 76%.} 1/2-1/2